000 00649nam a22001577a 4500
999 _c21418
_d21418
008 240910b ||||| |||| 00| 0 eng d
100 _aBase, Ebonie.
_eauthor.
_960460
245 _aIwas rehas :
_ban analysis of the Philippine teachers protection act part 2 /
_cEbonie Base, Miko Michiko Cia, Arlyn Miradora, and Desiderio Tacaisan.
260 _aPhilippines;
_bPublishers Association of the Philippines, Inc.,
_cSeptember 2019.
300 _aVolume 168, pages 127-132.
700 _aBase, Ebonie.
_960460
700 _aCia, Miko Michiko.
_960461
700 _aMiradora, Arlyn.
_960462
700 _aTacaisan, Desiderio.
_960463
942 _2ddc
_cPER